000 01547nam a22004097a 4500
001 120
003 FISKH
005 20250205154347.0
008 230228b cb ||||| |||| 00| 0 eng d
010 _a 96001440
020 _a0679866965 (pbk.)
020 _a067996696X (glb.)
040 _aDLC
_cDLC
_dDLC
_dFISKH
_beng
042 _alcac
050 0 0 _aPZ7.P2197
_bJv 1996
082 0 0 _a813.54
100 1 _aPark, Barbara.
245 1 0 _aJunie B. Jones loves handsome Warren /
_cby Barbara Park ; illustrated by Denise Brunkus.
260 _aNew York
_bRandom House
_c1996
300 _a71 p.
_bill. ;
_c20 cm.
490 1 _aThe Junie B. Jones series ;
_v#7
500 _a"A first stepping stone book."
505 _aF
520 _aUnable to compete with her friends' fancy clothes and running ability, irrepressible six-year-old Junie B. finds her own way to make the new boy at school like her.
521 8 _a310
_bLexile
521 8 _aF
_bRaz-Plus
650 1 _aFriendship
_xFiction.
650 1 _aKindergarten
_xFiction.
650 1 _aSchools
_xFiction.
700 1 _aBrunkus, Denise,
_eill.
800 1 _aPark, Barbara.
_tJunie B. Jones series ;
_v#7.
856 4 2 _3Contributor biographical information
_uhttp://www.loc.gov/catdir/bios/random057/96001440.html
856 4 1 _3Sample text
_uhttp://www.loc.gov/catdir/samples/random043/96001440.html
856 4 2 _3Publisher description
_uhttp://www.loc.gov/catdir/description/random047/96001440.html
906 _a7
_bcbc
_corignew
_d1
_eocip
_f19
_gy-gencatlg
942 _2ddc
_cBK
_n0
999 _c120
_d120